000
00351nam a2200145Ia 4500
008
231025s2021 xx 000 0 und d
020
_a
9788131262832
041
_a
eng
082
_a
617.692
100
_a
Resnik R.R.
245
_a
Misch's Contemporary Implant Dentistry
250
_a
4th
260
_a
New Delhi
_b
Elsevier
_c
2021
300
_a
1241
999
_c
916364
_d
916364